01240nam a22002057a 450000500170000000800410001702000180005804000070007604100080008308200180009110000190010924500260012826000270015430000290018136500940021052006630030465000210096765000210098865000250100920260327160630.0260327b |||||||| |||| 00| 0 eng d a9788126576463 cAL aeng a005.133bMOTD aBharti Motwani aData analytics with R aNew DelhibWileyc2023 axvii,646pbPBc23.5x18cm 2Information Science and EngineeringaVBI-2645b₹666.75c₹d₹889.00e25%f20-02-2026 aData analysis is the method of examining, cleansing, and modelling with the objective of determining useful information for effective decision-making and operations. It includes diverse techniques and tools and plays a major role in different business, Science and Social Science areas. R software provides numerous functions and packages for using different techniques for producing desired outcome. Data analytics with R will enable readers gain sufficient knowledge and experience to perform analysis using different analytical tools available in R. Each Chapter begins with a number of important and interesting examples taken from a variety of sectors.  aProgramming in R aMachine Learning aStatistical Analysis